000 00359 a2200169 4500
001 45225
020 _a97826000490
040 _cAnchieta - Aquarius
100 _aCosta, Cristiane
240 1 0 _a=Amor sem beijo
_lpor
245 1 0 _a=Amor sem beijo
300 _a61
362 0 _a2002
440 1 _aGlobal
650 4 _aLiteratura brasileira
942 _cBK
999 _c45225
_d45225